000 00656nam a2200253Ia 4500
005 20260306152737.0
008 008 260114s9999 xx 000 0 eng d
020 _a9789354398834
037 _aEBOOK
040 _aCRL
040 _beng
040 _cCRL
041 _2eng
041 _aeng
084 _qCRL
100 _aK.D. Gangrade
_91124188
245 0 _aMoral Lessons from Gandhi's Autobiography and Other Essays
260 _bConcept Publishing Company Pvt. Ltd.
260 _c2004
856 _uhttps://www.asapglobe.com/searchtitles.aspx?query=9789354398834
942 _cEBOOK
999 _c1701350
_d1701350